Guess the Taylor Swift Song (no hints) 99 - Statistics

General Stats
  • This quiz has been taken 71 times
  • The average score is 197 of 299
Answer Stats
Answer % Correct
a
98%
I
98%
the
98%
you
96%
you,
96%
your
94%
And
90%
and
90%
it
90%
my
90%
no
90%
in
88%
me
88%
of
88%
to
88%
to,
88%
we
88%
You're
88%
be
86%
But
86%
it's
86%
It's
86%
that
86%
this
86%
this,
86%
is
84%
know
84%
like
84%
not
82%
all
80%
for
80%
one
80%
just
78%
'Cause
76%
don't
76%
see
76%
was
76%
what
73%
are
71%
go
71%
back
69%
from
69%
say
69%
as
67%
never
67%
Never
67%
Now
67%
time
67%
can't,
65%
(oh)
65%
only
65%
hand,
63%
have
63%
am
61%
us
61%
face
57%
out,
57%
out
57%
thing
57%
mind
55%
our
55%
Every
51%
thought
51%
down,
49%
gonna
49%
without
47%
Without
47%
here
45%
wanna
45%
doesn't
43%
away,
41%
way
41%
Breathe,
39%
two
39%
wanted
39%
end
37%
none
37%
Nothing
37%
really
37%
change
35%
around
33%
bring
33%
drive
33%
sad
33%
after
31%
friend
31%
hurt
31%
lost
31%
People
31%
people,
31%
save
31%
sometimes
31%
Feelin'
29%
movie,
29%
easy
27%
easy,
27%
Easy
27%
it'll
27%
minds
27%
work
27%
ending
25%
Hope
25%
killing
25%
kinda
25%
simple,
25%
ain't
24%
break,
24%
clean
24%
fall
24%
little
22%
tried
20%
bump
18%
road
18%
swerve
18%
tragedy
18%
Music
16%
playin'
16%
Sorry
16%
sorry
16%
starts
16%
No matching quizzes found
Score Distribution
Percent of People with Each Score
Percentile by Number Answered
Your Score History
You have not taken this quiz